|
|
|
|
| LEADER |
00000nab a2200000 a 4500 |
| 001 |
vtls000691214 |
| 003 |
SK-MaSNL |
| 005 |
20260426103115.0 |
| 008 |
040806c1999 xo 0 slo |
| 015 |
|
|
|a SNBRB1999/04-08743
|
| 035 |
|
|
|a CLN000043381
|
| 040 |
|
|
|a SNKBUCL
|b slo
|c SNKBUCL
|e AACR2
|
| 041 |
0 |
|
|a slo
|
| 044 |
|
|
|a xo
|c SK
|
| 080 |
|
|
|a 327(437.6:437.1/.2)
|2 UDC-MRF-SK2
|
| 080 |
|
|
|a 327(437.1/.2:437.6)
|2 UDC-MRF-SK2
|
| 100 |
1 |
|
|a im
|4 aut
|9 551299
|
| 245 |
1 |
0 |
|a Susedská podpora vstupu SR do NATO
|b Kukan na návšteve v Prahe
|c [autor] lm
|
| 600 |
1 |
7 |
|a Kukan, Eduard,
|d 1939-2022
|x návšteva Česka
|y 19.4.1999
|2 snkbucl
|9 1594557
|
| 610 |
|
7 |
|a Slovensko.
|b Ministerstvo zahraničných vecí
|2 snkbucl
|9 112646
|
| 650 |
0 |
7 |
|a zahraničná politika
|2 snkbucl
|9 971
|
| 651 |
|
7 |
|a Slovensko
|2 snkbucl
|9 14231
|
| 651 |
|
7 |
|a Česko
|2 snkbucl
|9 16753
|
| 655 |
|
7 |
|a články z novín a časopisov
|2 snkbucl
|9 267496
|
| 773 |
0 |
|
|x 1335-4051
|t Pravda
|g Roč. 9, č. 90 (20.4.1999), s. 1
|
| 850 |
|
|
|a Slovenská národná knižnica v Martine
|
| 852 |
|
|
|a SNK
|b KIS3GCP
|
| 999 |
|
|
|c 3275975
|d 3277905
|